000 00847nam0a22002291 4500
001 rc\3973909
005 20250610222847.0
035 _a(NLR Aleph) 007932840
090 _a8229607
_c8229607
100 _a20130415d1955 |||y0rusy50 ca
101 0 _arus
102 _aRU
105 _aa z |||||
200 1 _aМолочная промышленность
_e[Сборник статей]
_fМ-во пром-сти мяс. и мол. продуктов СССР. Техн. упр. отд. техн. информации
210 _aМосква
_cБ. и.
_d1955
215 _a26 с.
_cил.
_d20
225 1 _aЭкспресс-информация по иностранной технической литературе
_vВып. 2
801 0 _aRU
_bNLR
_gpsbo
801 1 _aRU
_bELAR
_2rusmarc
852 _aNLR
_jП10/1395
942 _cBOOK
980 _aNB